| 000 | 01096cam a2200265 i 4500 | ||
|---|---|---|---|
| 003 | SA-RiAUC | ||
| 005 | 20250210072551.0 | ||
| 008 | 250204s1992 su g 000 0 ara c | ||
| 040 |
_aSA-EnSBSSC _bara _cSA-RiAUC _erda |
||
| 043 |
_aa-su--- _aa-ye--- |
||
| 082 | 0 | 4 |
_a327.531 _qSA-RiAUC |
| 090 |
_a327.531 _bق ب ا |
||
| 100 | 1 |
_aالقباع، عبد الله سعود، _d1359 هجري- _eمؤلف. |
|
| 245 | 1 | 2 |
_aالعلاقات السعودية اليمنية / _cتأليف عبد الله سعود القباع. |
| 264 | 1 |
_a[مكان النشر غير محدد] : _b[الناشر غير محدد]، _c1992 |
|
| 264 | 3 |
_aالرياض : _bمطابع الفرزدق التجارية |
|
| 300 |
_a513 صفحة ؛ _c24 سم |
||
| 336 |
_aنص _btxt _2rdacontent _3كتاب |
||
| 337 |
_aبدون وسيط _bn _2rdamedia |
||
| 338 |
_aمجلد _bnc _2rdacarrier |
||
| 651 | 7 |
_aالسعودية _xعلاقات خارجية _zاليمن _2aucsh |
|
| 651 | 7 |
_aاليمن _xعلاقات خارجية _zالسعودية _2aucsh |
|
| 942 |
_2ddc _cBOOK _n0 |
||
| 949 |
_aSA-JeALM _d250204 _umohamedma123 _n1 |
||
| 999 |
_c5776 _d5776 |
||